Riconosci il Pokémon - Quiz n°856 - Statistics

Statistiche generali
  • Questo quiz è stato fatto 0 volte
  • Il punteggio medio è 0 su 10
Statistiche sulle risposte
Indizio Risposta % Corretto
Altezza 0,1 m
0%
Peso 0,3 kg
0%
Sesso 25% ♂, 75% ♀
0%
Tasso di cattura 60 (14.8%)
0%
Pokémon Comfey
0%
Abilità Fiorvelo; Primacura; Alternacura
0%
Tipo Foletto
0%
Stadio evoluzione Non si evolve
0%
Generazione Settima
0%
Tasso di allevamento Veloce
0%
Nessun quiz corrispondente trovato
Distribuzione punteggi
Percentuale di utenti per punteggio
Percentile per numero di risposta
I tuoi punteggi nel tempo
Non hai fatto questo quiz